[Event "Tilburg"]
[Site "Tilburg"]
[Date "1994.??.??"]
[Round "2"]
[White "Georgiev, Kiril"]
[Black "Christiansen, Larry Mark"]
[Result "1-0"]
[WhiteElo "2615"]
[BlackElo "2575"]

1.d4 Nf6 2.c4 e6 3.Nc3 Bb4 4.Qc2 O-O 5.a3 Bxc3+ 6.Qxc3 Ne4 7.Qc2 f5 8.g3 Nc6
9.Nf3 d6 10.Bg2 e5 11.dxe5 dxe5 12.O-O a5 13.b3 Qe7 14.Bb2 Nd6 15.c5 Nf7
16.Qc3 Rd8 17.b4 axb4 18.axb4 Rxa1 19.Rxa1 Nd4 20.Nxd4 exd4 21.Qd2 b6 22.cxb6 cxb6
23.Bxd4 Qd6 24.e3 Be6 25.h4 Bd5 26.Bxb6 Qc6 27.Bxd5 Rxd5 28.Rc1 Rxd2 29.Rxc6 Nd6
30.Bd4 Ne4 31.b5 Nxf2 32.b6 Ng4 33.Rc1 Nh2 34.Rf1 Nxf1 35.b7 Nh2 36.b8=Q+ Kf7
37.Qb3+ Ke7 38.Qb7+ Kd6 39.Bc3  1-0

[Event "Tilburg"]
[Site "Tilburg"]
[Date "1994.??.??"]
[Round "2"]
[White "Ehlvest, Jaan"]
[Black "Ruban, Vadim"]
[Result "1-0"]
[WhiteElo "2600"]
[BlackElo "2560"]

1.d4 Nf6 2.c4 e6 3.Nf3 d5 4.Bg5 dxc4 5.Nc3 c5 6.Bxf6 Qxf6 7.d5 exd5 8.Nxd5 Qd8
9.e3 Bd6 10.Bxc4 O-O 11.O-O Nc6 12.Rc1 Be6 13.a4 Rc8 14.Rc2 Ne5 15.Nxe5 Bxe5
16.Rd2 Bxd5 17.Bxd5 Qf6 18.b3 b6 19.f4 Bc3 20.Rd3 Rcd8 21.Qc2 Bd4 22.Be4 Qe6
23.Bxh7+ Kxh7 24.exd4 Kg8 25.Rh3 Qg6 26.f5 Qd6 27.dxc5 Qxc5+ 28.Qxc5 bxc5
29.f6 g6 30.Rc3 Rd5 31.Rfc1 Rf5 32.Rf1 Rd5 33.Rfc1 Rf5 34.Rxc5 Rxf6 35.b4 Rf4
36.R1c4 Rxc4 37.Rxc4 Rd8 38.h4 Rd2 39.b5 Ra2 40.Kh2 Kg7 41.Kh3 Kh6 42.g4 Ra3+
43.Kg2 f5 44.gxf5 gxf5 45.Kf2 Kg6 46.Rc6+ Kh5 47.Rc4 Kg6 48.Rc6+ Kh5 49.Ra6 Kxh4
50.Rxa7 Rb3 51.Rb7 Kg4 52.a5 Rb2+ 53.Ke1 f4 54.a6 f3 55.a7 Ra2 56.b6 f2+
57.Kf1 Kf3 58.Rf7+ Ke3 59.Kg2  1-0

[Event "Tilburg"]
[Site "Tilburg"]
[Date "1994.??.??"]
[Round "2"]
[White "Dreev, Alexey"]
[Black "Damljanovic, Branko"]
[Result "1-0"]
[WhiteElo "2650"]
[BlackElo "2505"]

1.d4 Nf6 2.c4 g6 3.Nc3 Bg7 4.e4 d6 5.f3 O-O 6.Bg5 c5 7.d5 e6 8.Qd2 exd5 9.cxd5 Re8
10.Nge2 a6 11.Ng3 Nbd7 12.Be2 h5 13.O-O Qc7 14.f4 Nh7 15.Bh4 Bf6 16.Bxf6 Ndxf6
17.e5 dxe5 18.f5 c4 19.Kh1 b5 20.Qh6 Qe7 21.fxg6 fxg6 22.Qxg6+ Qg7 23.Bxh5 Rf8
24.Rae1 Bg4 25.Qxg7+ Kxg7 26.Bxg4 Nxg4 27.Nf5+ Kg6 28.Nh4+ Kh6 29.Ne4 Rxf1+
30.Rxf1 Rf8 31.Nf5+ Kg6 32.d6 Nhf6 33.Ne7+ Kg7 34.Nc5 Rh8 35.h3 Ne3 36.Rf3 Ned5
37.Nxd5 Nxd5 38.Ne6+ Kg6 39.Nf8+ Rxf8 40.Rxf8 Nb6 41.Rb8  1-0

[Event "Tilburg"]
[Site "Tilburg"]
[Date "1994.??.??"]
[Round "2"]
[White "Christiansen, Larry Mark"]
[Black "Georgiev, Kiril"]
[Result "1/2-1/2"]
[WhiteElo "2575"]
[BlackElo "2615"]

1.c4 e6 2.Nc3 d5 3.d4 Be7 4.cxd5 exd5 5.Bf4 c6 6.e3 Bd6 7.Bg3 Bf5 8.Nf3 Nf6
9.Qb3 Bxg3 10.hxg3 Qb6 11.Nh4 Be6 12.Qc2 c5 13.Bb5+ Nc6 14.dxc5 Qxc5 15.Rc1 O-O
16.Bxc6 Qxc6 17.O-O Rac8 18.Nf3 Qa6 19.Qb1 Rc5 20.Rcd1 Rfc8 21.Rd4 h6 22.Rfd1 Rc4
23.Ne5 Rxd4 24.Rxd4 Qb6 25.Rd1 Qd6 26.Nf3 Rc4 27.Qd3 Qb4 28.Ne5 Rc8 29.Rd2 Ne4
30.a3 Qa5 31.Nxe4 dxe4 32.Qd6 Bb3 33.g4 Re8 34.Nd7 Be6 35.Ne5 f6 36.Ng6 Bxg4
37.Nf4 Kh7 38.Rc2 Qe5 39.Qb4 Re7 40.Rc5 Qd6 41.Qc4 Qd2 42.Rd5 Qe1+ 43.Kh2 Qxf2
44.Rd8 Qh4+ 45.Kg1 Qe1+ 46.Kh2 Qh4+ 47.Kg1  1/2-1/2

[Event "Tilburg"]
[Site "Tilburg"]
[Date "1994.??.??"]
[Round "2"]
[White "Cvitan, Ognjen"]
[Black "Kengis, Edvins"]
[Result "1/2-1/2"]
[WhiteElo "2585"]
[BlackElo "2580"]

1.d4 Nf6 2.Nf3 e6 3.c4 b6 4.a3 Bb7 5.Nc3 g6 6.Bg5 Bg7 7.e3 h6 8.Bh4 O-O 9.Be2 d6
10.O-O g5 11.Bg3 Nh5 12.Nd2 Nxg3 13.hxg3 Nd7 14.Bf3 Bxf3 15.Nxf3 c5 16.Rc1  1/2-1/2

[Event "Tilburg"]
[Site "Tilburg"]
[Date "1994.??.??"]
[Round "2"]
[White "Boensch, Uwe"]
[Black "Chernin, Alexander"]
[Result "1/2-1/2"]
[WhiteElo "2540"]
[BlackElo "2615"]

1.e4 e6 2.d4 d5 3.e5 c5 4.c3 Nc6 5.Be3 Nge7 6.Nf3 Nf5 7.Bd3 cxd4 8.cxd4 Nxe3
9.fxe3 Nb4 10.Nc3 Nxd3+ 11.Qxd3 Be7 12.h4 Bd7 13.O-O-O Rb8 14.e4 dxe4  1/2-1/2

[Event "Tilburg"]
[Site "Tilburg"]
[Date "1994.??.??"]
[Round "2"]
[White "Bareev, Evgeny"]
[Black "Adianto, Utut"]
[Result "1/2-1/2"]
[WhiteElo "2675"]
[BlackElo "2520"]

1.d4 Nf6 2.c4 e6 3.Nc3 Bb4 4.Bg5 c5 5.d5 h6 6.Bh4 Bxc3+ 7.bxc3 d6 8.e3 e5
9.Nf3 Nbd7 10.Nd2 Nf8 11.Bd3 Ng6 12.Bg3 O-O 13.O-O Qe8 14.Bc2 Nd7 15.Qb1 a5
16.Kh1 Ra6 17.f4 Rb6 18.Qc1 f5 19.Rb1 exf4 20.exf4 Qe3 21.Nb3 Qxc1 22.Rfxc1 Ra6
23.Nd2 Nf6 24.Ba4 Rf7 25.Re1 Bd7 26.Bc2 Bc8 27.Kg1 Re7 28.Rxe7 Nxe7 29.Kf2 Kf7
30.h3 a4 31.a3 g5 32.fxg5 hxg5 33.Nf3 Nh7 34.h4 g4 35.Nd2 Nf6 36.Bf4 Ng6
37.Bg5 Ne5 38.g3 Kg6 39.Kg2 Nf7 40.Bxf6 Kxf6 41.Nf1 Ne5 42.Ne3 Nf3 43.Kf2 Ne5
44.Kg2  1/2-1/2

[Event "Tilburg"]
[Site "Tilburg"]
[Date "1994.??.??"]
[Round "2"]
[White "Akopian, Vladimir"]
[Black "Sveshnikov, Evgeny"]
[Result "1-0"]
[WhiteElo "2630"]
[BlackElo "2585"]

1.d4 d5 2.c4 e6 3.Nc3 c6 4.e3 Nd7 5.Qc2 Ngf6 6.Nf3 Bd6 7.g4 Nxg4 8.Rg1 Qf6
9.Rxg4 Qxf3 10.Rxg7 Nf6 11.Rg5 Ng4 12.h3 Nh2 13.Bg2 Qf6 14.f4 Bd7 15.Bh1 Qh6
16.Qg2 O-O-O 17.Bd2 Qh4+ 18.Qg3 Qxg5 19.Qxg5 Rhg8 20.Ke2 Rxg5 21.fxg5 e5
22.cxd5 exd4 23.dxc6 d3+ 24.Kxd3 bxc6 25.Bg2 Rg8 26.Ne4 Bf5 27.Ke2 Be5 28.Rc1 Bxe4
29.Bxe4 Rxg5 30.Rxc6+ Kb8 31.Rc5 f6 32.Bc3 h5 33.Bxe5+ fxe5 34.Rb5+ Kc7 35.Rb7+ Kd6
36.Rxa7 Rg3 37.Ra6+ Kc5 38.Rc6+ Kb4 39.Rc1 Rxh3 40.Rh1 Rh4 41.Kd3 Rh3 42.Bg2 Rh4
43.e4 Kc5 44.Kc3 Kb5 45.b3 Kc5 46.a4  1-0

[Event "Tilburg"]
[Site "Tilburg"]
[Date "1994.??.??"]
[Round "2"]
[White "Almasi, Zoltan"]
[Black "Hansen, Lars Bo"]
[Result "1/2-1/2"]
[WhiteElo "2620"]
[BlackElo "2580"]

1.e4 e5 2.Nf3 Nc6 3.Bb5 a6 4.Ba4 Nf6 5.O-O Be7 6.Re1 b5 7.Bb3 d6 8.c3 O-O
9.h3 Na5 10.Bc2 c5 11.d4 Bb7 12.d5 Nc4 13.b3 Nb6 14.a4 Bc8 15.Qe2 Bd7 16.Be3 g6
17.axb5 axb5 18.Rxa8 Nxa8 19.b4 c4 20.Nbd2 Nb6 21.Ra1 Qc7 22.Ra6 Rb8 23.Qe1 Bd8
24.Qa1 Qc8 25.Ra7 Rb7 26.Nh2 Rxa7 27.Qxa7 Qc7 28.Qa6 Qc8 29.Qa7 Qc7 30.Qxc7 Bxc7
31.Nb1 Ne8 32.f4 exf4 33.Bxf4 f5 34.Bg5 Kf7 35.Nf3 Nf6 36.exf5 gxf5 37.Nd4 Nfxd5
38.Bd2 Na4  1/2-1/2

[Event "Tilburg"]
[Site "Tilburg"]
[Date "1994.??.??"]
[Round "2"]
[White "Andersson, Ulf"]
[Black "Sermek, Drazen"]
[Result "1/2-1/2"]
[WhiteElo "2620"]
[BlackElo "2515"]

1.Nf3 Nf6 2.c4 c5 3.g3 g6 4.Bg2 Bg7 5.d4 cxd4 6.Nxd4 Nc6 7.Nc3 O-O 8.O-O d6
9.Nc2 Be6 10.b3 Nd7 11.Bd2 Nc5 12.Rc1 a5 13.Nd5 Rb8 14.Nce3 b5 15.Nf4 Bd7
16.Bc3 Bxc3 17.Rxc3 b4 18.Rc1 a4 19.Rb1 axb3 20.axb3 Na5 21.Nd3 Bc6 22.Nxc5 dxc5
23.Qc2 Bxg2 24.Kxg2 Nc6 25.Qe4 Nd4 26.Nd5 e6 27.Nf4 Qc7 28.e3 f5 29.Qd3 Qc6+
30.f3 Nxf3 31.Rxf3 Rbd8 32.Qe2 g5 33.Kg1 gxf4 34.gxf4 Rf6 35.Kf2 Rg6 36.Rg3 Rxg3
37.hxg3 Qe4 38.Rd1 Rxd1 39.Qxd1 Kf7 40.g4 fxg4 41.Qxg4 Qc2+ 42.Kg3 Qxb3 43.Qh5+ Kf6
44.Qxc5 Qc3 45.Kf3 Kf7 46.Qc7+ Kg6 47.Qc8 Kf7 48.c5 b3 49.Qb7+ Kf6 50.Qc8 Kf7
51.c6 b2 52.Qb7+ Kg6 53.c7 Qxc7 54.Qxb2 Qc4 55.Qb1+ Kg7 56.e4 Qc3+ 57.Kg4 h5+
58.Kh4 Qf3 59.Qg1+ Kf7 60.Qa7+ Kg6 61.Qg1+ Kf7  1/2-1/2

[Event "Tilburg"]
[Site "Tilburg"]
[Date "1994.??.??"]
[Round "2"]
[White "Antunes, Antonio"]
[Black "Vyzmanavin, Alexey"]
[Result "1-0"]
[WhiteElo "2510"]
[BlackElo "2610"]

1.Nf3 f5 2.g3 Nf6 3.Bg2 g6 4.O-O Bg7 5.c4 O-O 6.d4 d6 7.Nc3 Qe8 8.d5 a5 9.Ne1 Na6
10.Nd3 Bd7 11.Rb1 Rb8 12.b3 c6 13.Bb2 Nc7 14.dxc6 Bxc6 15.Nf4 Bxg2 16.Kxg2 Qc6+
17.Kg1 e5 18.Ncd5 Ncxd5 19.Nxd5 Nxd5 20.Qxd5+ Qxd5 21.cxd5 Rbc8 22.Rfc1 e4
23.Ba3 Be5 24.Kf1 f4 25.Rxc8 Rxc8 26.Rc1 Rxc1+ 27.Bxc1 g5 28.h4 h5 29.Kg2 fxg3
30.Bxg5 Kf7 31.fxg3 Kg6 32.Bd2 b6 33.a4 Bd4 34.b4 axb4 35.Bxb4 Be5 36.Kh3 Kf5
37.e3 Kf6 38.g4 Kg6 39.Ba3 Kh6 40.Bb4 Kg6 41.Be1 Bb2 42.Bg3 Ba3 43.Bf4 Bb4
44.Bg5 Be1  1-0

[Event "Tilburg"]
[Site "Tilburg"]
[Date "1994.??.??"]
[Round "2"]
[White "Azmaiparashvili, Zurab"]
[Black "Stangl, Markus"]
[Result "1-0"]
[WhiteElo "2625"]
[BlackElo "2535"]

1.Nf3 d5 2.c4 c6 3.e3 Nf6 4.Nc3 a6 5.b3 Bg4 6.Be2 Nbd7 7.Bb2 e6 8.d3 Bd6
9.h3 Bxf3 10.Bxf3 b5 11.O-O O-O 12.Rc1 Rb8 13.Ba1 Qe7 14.d4 Bb4 15.Ne2 bxc4
16.bxc4 Nb6 17.c5 Nc4 18.Qa4 Qc7 19.Rxc4 dxc4 20.Qxa6 Nd5 21.e4 Ne7 22.Qxc4 Qa5
23.Nf4 Bd2 24.Nd3 Ra8 25.Qc2 Bg5 26.Bb2 Qd2 27.Qc4 Qa5 28.a3 Rfb8 29.Bd1 Bd2
30.Bb3 Qb5 31.Qxb5 Rxb5 32.Bc4 Rxb2 33.Nxb2 Bc3 34.Nd3 Rxa3 35.Rb1 Ra1 36.Rxa1 Bxa1
37.d5 exd5 38.exd5 cxd5 39.Bb5 Bc3 40.Bd7 Ba5 41.Kf1 d4 42.Ke2 Nd5 43.Kf3 Nb4
44.Nc1 Na6 45.Nb3 Bb4 46.c6 d3 47.Ke3 d2 48.Bg4 Kf8 49.Kd4 Nc7 50.Bd1 Ke7
51.Kc4 Ba3 52.Nxd2 Kd6 53.Bf3 Bc1 54.Nb3 Ba3 55.g3 Ke7 56.Na5 Kd6 57.Kb3 Bc1
58.Nb7+ Ke7 59.Kc3 Ba3 60.Be2 Ke6 61.Bc4+ Ke7 62.Bd3 g6 63.Bc4 Bc1 64.Ba2 h5
65.Nc5 Ba3 66.Nd3 Bd6 67.Bc4 Kf6 68.Kb3 Ke7 69.Ka4 g5 70.Ka5 h4 71.gxh4 gxh4
72.Kb6 f6 73.Ne1 Kd8 74.Nf3 Bb4 75.Nxh4 Be1 76.Nf5 Bxf2+ 77.Kb7 Ne8 78.Bf7  1-0

[Event "Tilburg"]
[Site "Tilburg"]
[Date "1994.??.??"]
[Round "2"]
[White "Chernin, Alexander"]
[Black "Boensch, Uwe"]
[Result "1/2-1/2"]
[WhiteElo "2615"]
[BlackElo "2540"]

1.d4 d5 2.c4 e6 3.Nc3 Nf6 4.cxd5 exd5 5.Bg5 c6 6.e3 Be7 7.Bd3 Nbd7 8.Nge2 Nh5
9.Bxe7 Qxe7 10.g4 Nhf6 11.Ng3 Nb6 12.h3 Bd7 13.Qe2 O-O-O 14.O-O-O Kb8 15.Kb1 g6
16.f3 h5 17.g5 Ne8 18.h4 Nc7 19.Qf2 Rhf8 20.Rdf1 Bc8 21.Ka1 Ka8 22.Rhg1 Ne6
23.Re1  1/2-1/2

[Event "Tilburg"]
[Site "Tilburg"]
[Date "1994.??.??"]
[Round "3"]
[White "Serper, Grigory"]
[Black "Sermek, Drazen"]
[Result "1-0"]
[WhiteElo "2575"]
[BlackElo "2515"]

1.c4 c5 2.Nf3 g6 3.d4 cxd4 4.Nxd4 Bg7 5.e4 Nc6 6.Be3 Nf6 7.Nc3 Ng4 8.Qxg4 Nxd4
9.Qd1 e5 10.Nb5 O-O 11.Qd2 Qe7 12.O-O-O Nxb5 13.cxb5 d5 14.exd5 Rd8 15.d6 Qe6
16.Kb1 Bf8 17.Qc3 Rxd6 18.Bc4 Rxd1+ 19.Rxd1 Qg4 20.Qb3 Bf5+ 21.Ka1 Rc8 22.Bxf7+ Kg7
23.f3 Qxg2 24.Be6 Rd8 25.Rxd8 Bc2 26.Bh6+ Kxh6 27.Qe3+ g5 28.Qc1 Bb4 29.h4 Bg6
30.Bg4 Be7 31.Rd7 Bf6 32.Rd6 Kg7 33.Rd7+ Kh6 34.Rd6 Kg7 35.h5 Qc2 36.h6+ Kf7
37.Rd7+ Ke8 38.Qxc2 Bxc2 39.Rxb7 Bd1 40.Rxa7 e4 41.Bd7+  1-0

[Event "Tilburg"]
[Site "Tilburg"]
[Date "1994.??.??"]
[Round "3"]
[White "Pigusov, Evgeny"]
[Black "Cvitan, Ognjen"]
[Result "1/2-1/2"]
[WhiteElo "2575"]
[BlackElo "2585"]

1.Nf3 Nf6 2.c4 g6 3.g3 Bg7 4.Bg2 O-O 5.d4 d5 6.cxd5 Nxd5 7.O-O c6 8.Nc3 Nxc3
9.bxc3 Qa5 10.Qb3 Nd7 11.Ba3 Re8 12.Bb4 Qh5 13.h3 Nb6 14.g4 Qb5 15.a4 Qc4
16.Qxc4 Nxc4 17.a5 h6 18.Rfd1 Bd7 19.Nd2 Nxd2 20.Rxd2 Rab8 21.Rb2 b6 22.axb6 axb6
23.Ra7 c5 24.Rxd7 cxb4 25.Rxb4 Rec8 26.Rb3 Bf8 27.e3 e6 28.Bf1 Rc6 29.c4 Rcc8
30.Kg2 Re8 31.Rb5 Re7 32.Rd6 Reb7 33.Rc6 Be7 34.Be2 Kf8 35.Bf3 Bd8 36.d5 exd5
37.cxd5 Ra7 38.d6 Ra2 39.Kg3 Rd2 40.Bd5 Ra8 41.Rc4 Ra7 42.f4 Kg7 43.Rc8 Rd7
44.Rc6 Ra7 45.Kf3 Rh2 46.Rb3 g5 47.fxg5 hxg5 48.Rd3 Rxh3+ 49.Kg2 Rh8 50.Rd2 Ra3
51.Re2 Rd3 52.Be4 Rd1 53.Bf5 Rh6 54.e4 Rhxd6 55.Rxd6 Rxd6 56.e5 Rd4 57.Re3 b5
58.Rd3 Bb6 59.Rxd4 Bxd4 60.Kf3 Bxe5 61.Ke2 Kf6 62.Kd3 Ke7 63.Kc2 Kd6  1/2-1/2

[Event "Tilburg"]
[Site "Tilburg"]
[Date "1994.??.??"]
[Round "3"]
[White "Morozevich, Alexander"]
[Black "Georgiev, Kiril"]
[Result "1/2-1/2"]
[WhiteElo "2575"]
[BlackElo "2615"]

1.e4 e5 2.Nf3 Nc6 3.Bc4 Bc5 4.Nc3 Nf6 5.d3 d6 6.Bg5 Na5 7.Bb3 c6 8.d4 Nxb3
9.axb3 exd4 10.Nxd4 h6 11.Bh4 O-O 12.O-O g5 13.Bg3 Re8 14.Re1 d5 15.e5 Ne4
16.Qd3 Nxg3 17.hxg3 Bxd4 18.Qxd4 Bf5 19.Nd1 f6 20.Rxa7 Rxa7 21.Qxa7 Qd7 22.e6 Rxe6
23.Ne3 Re7 24.Qd4 Kf7 25.Ra1 Bg6 26.Ra7 Qd6 27.c3 h5 28.b4 Qe5 29.Qb6 Qc7
30.Qc5 f5 31.Qd4 f4 32.gxf4 gxf4 33.Nf1 Re4 34.Qh8 Re8 35.Qh6 Qb8 36.Ra4 Rh8
37.Qg5 Bc2 38.Ra1 Qd6 39.Nd2 Qf6 40.Qxf6+ Kxf6 41.Nf3 Re8 42.Nd4 Bd3 43.Rd1 Bc4
44.Kh2 Re7 45.Ra1 Bd3 46.Ra8 Bf1 47.Rd8 Bd3 48.Rd6+ Kf7 49.Kh3 Re1 50.Kh4 Ke7
51.Rh6 Rg1 52.g3 fxg3 53.fxg3 Rb1 54.Re6+ Kf7 55.Kxh5 Rxb2 56.Kg5 Be4 57.Rh6 Rg2
58.Kf4 Rf2+ 59.Ke3 Rf1 60.Rh8 Rc1 61.Kd2 Rg1 62.Ne2 Ra1 63.Rb8 Ra7 64.Ke3 Kf6
65.g4 Kg5 66.Rg8+ Kf6 67.Nf4 Ra3 68.g5+ Ke5 69.Nd3+ Kf5 70.Kd4 b6 71.g6 Kf6
72.Rc8 c5+ 73.bxc5 bxc5+ 74.Nxc5 Bxg6 75.Kxd5 Rxc3 76.Nd7+ Ke7 77.Rxc3 Kxd7
78.Ra3 Bf7+ 79.Ke5 Kc6 80.Ra6+ Kb5 81.Ra8 Kc6 82.Ra7 Bc4 83.Ra1 Bb3 84.Rb1 Ba2
85.Rb2 Bf7 86.Kd4 Be6 87.Rh2 Bb3 88.Rh6+ Kd7 89.Ke5 Ba2 90.Rd6+ Kc7 91.Rd2 Bf7
92.Rd1 Bb3 93.Rd3 Bf7 94.Rd2 Bb3 95.Kd4 Kc6 96.Ke4  1/2-1/2

[Event "Tilburg"]
[Site "Tilburg"]
[Date "1994.??.??"]
[Round "3"]
[White "Luther, Thomas"]
[Black "Bareev, Evgeny"]
[Result "1/2-1/2"]
[WhiteElo "2510"]
[BlackElo "2675"]

1.e4 e6 2.d4 d5 3.Nc3 Nf6 4.e5 Nfd7 5.f4 c5 6.Nf3 Nc6 7.Be3 Qb6 8.Na4 Qa5+
9.c3 c4 10.b4 Qc7 11.g4 b5 12.Nc5 a5 13.a3 axb4 14.axb4 Rxa1 15.Qxa1 Nxc5
16.dxc5 h5 17.g5 g6 18.Nd4 Nxd4 19.Bxd4 Be7  1/2-1/2

[Event "Tilburg"]
[Site "Tilburg"]
[Date "1994.??.??"]
[Round "3"]
[White "Kuijf, Marinus"]
[Black "Almasi, Zoltan"]
[Result "0-1"]
[WhiteElo "2425"]
[BlackElo "2620"]

1.e4 e5 2.Bc4 Nc6 3.Nc3 Nf6 4.d3 Na5 5.Nge2 Nxc4 6.dxc4 c6 7.Qd3 d6 8.b3 Be7
9.Bg5 h6 10.Bh4 Be6 11.Rd1 Qa5 12.O-O Rd8 13.f3 O-O 14.Be1 Qc7 15.Bf2 d5
16.exd5 cxd5 17.Nb5 Qa5 18.Qc3 Qxc3 19.Nexc3 d4 20.Ne4 Nxe4 21.fxe4 Rd7 22.Nxa7 Ra8
23.Nb5 Rxa2 24.Bg3 Rxc2 25.Bxe5 Bg4 26.Rxd4 Bc5 27.Kh1 Bxd4 28.Bxd4 Rd2 29.Bg1 Bd1
30.e5 Bxb3 31.Nd6 Re2 32.Bd4 Bxc4 33.Rc1 Bd5  0-1

[Event "Tilburg"]
[Site "Tilburg"]
[Date "1994.??.??"]
[Round "3"]
[White "Khalifman, Alexander"]
[Black "Hjartarson, Johann"]
[Result "1-0"]
[WhiteElo "2645"]
[BlackElo "2585"]

1.Nf3 Nf6 2.c4 e6 3.Nc3 Bb4 4.g3 b6 5.Bg2 Bb7 6.O-O O-O 7.Qc2 Re8 8.d4 d5
9.Ne5 c6 10.Bg5 Be7 11.Rfd1 Nbd7 12.e4 h6 13.Bf4 Qc8 14.Rac1 Nxe5 15.dxe5 Nxe4
16.Nxe4 dxe4 17.Bxe4 c5 18.Rd2 Qc7 19.Rcd1 Red8 20.h4 Rxd2 21.Rxd2 Rd8 22.Rxd8+ Bxd8
23.Bxb7 Qxb7 24.Qd3 Be7 25.h5 Qa6 26.a3 Qa4 27.Bc1 Qc6 28.b3 Qb7 29.Bd2 Qc6
30.f3 Qb7 31.Kf2 Qc6 32.Ke2 Qb7 33.Kd1 Kf8 34.Ke2 Kg8 35.Bc3 Qc6 36.Ke3 Bg5+
37.Ke2 Be7 38.Ke3 Bg5+ 39.f4 Be7 40.Qe4 Qxe4+ 41.Kxe4 g6 42.g4 gxh5 43.gxh5 a5
44.Bd2 Kh7 45.f5 Bh4 46.b4 exf5+ 47.Kxf5 cxb4 48.axb4 a4 49.Bc1 Bg5 50.Ba3 Kg8
51.b5 Bd8 52.c5 bxc5 53.Bxc5 Kh7 54.Ke4 Kg7 55.Kd5 Bc7 56.b6 Bb8 57.b7 f5
58.Bd6 Ba7 59.Kc6 f4 60.e6 f3 61.e7  1-0

[Event "Tilburg"]
[Site "Tilburg"]
[Date "1994.??.??"]
[Round "3"]
[White "Shabalov, Alexander"]
[Black "Ehlvest, Jaan"]
[Result "1-0"]
[WhiteElo "2600"]
[BlackElo "2600"]

1.e4 c5 2.Nf3 e6 3.d4 cxd4 4.Nxd4 Nc6 5.Nc3 a6 6.Be3 Qc7 7.Be2 Nf6 8.a3 Be7
9.f4 d6 10.g4 Rb8 11.g5 Nd7 12.h4 b5 13.Nxc6 Qxc6 14.Qd4 Rg8 15.O-O h6 16.Bf3 hxg5
17.hxg5 Bb7 18.a4 e5 19.axb5 axb5 20.Qd2 exf4 21.Bxf4 Ne5 22.Nd5 Qc5+ 23.Kg2 Rh8
24.Be2 Rc8 25.b4 Qxc2 26.Bxb5+ Kf8 27.Qxc2 Rxc2+ 28.Rf2 Rxf2+ 29.Kxf2 Bd8
30.Kg3 g6 31.Nf6 Bxf6 32.gxf6 Kg8 33.Rd1 Bxe4 34.Rxd6 Rh5 35.Be2 Rf5 36.Bh6 Kh7
37.Bg7 Bf3 38.Rd8 Rg5+ 39.Kf2 Rg2+ 40.Kf1 Bxe2+ 41.Kxg2  1-0

[Event "Tilburg"]
[Site "Tilburg"]
[Date "1994.??.??"]
[Round "3"]
[White "Hjartarson, Johann"]
[Black "Khalifman, Alexander"]
[Result "1/2-1/2"]
[WhiteElo "2585"]
[BlackElo "2645"]

1.e4 c6 2.d4 d5 3.e5 Bf5 4.h4 h5 5.c4 e6 6.Nc3 Nd7 7.cxd5 cxd5 8.Qb3 Qb6
9.Bb5 Ne7 10.Na4 Qc7 11.Bd2 Nc6 12.Rc1 a6 13.Bxc6 bxc6 14.Nf3  1/2-1/2

[Event "Tilburg"]
[Site "Tilburg"]
[Date "1994.??.??"]
[Round "3"]
[White "Glek, Igor V"]
[Black "Yudasin, Leonid"]
[Result "1-0"]
[WhiteElo "2615"]
[BlackElo "2625"]

1.d4 Nf6 2.c4 e6 3.Nc3 d5 4.cxd5 exd5 5.Bg5 c6 6.e3 Be7 7.Bd3 Bg4 8.Qc2 Bh5
9.Bxf6 Bxf6 10.f4 Bg4 11.f5 g6 12.h3 Bxf5 13.Bxf5 gxf5 14.Nge2 Bh4+ 15.g3 Bg5
16.O-O Bxe3+ 17.Kh2 Nd7 18.Rxf5 Qe7 19.Raf1 f6 20.R1f3 O-O 21.Rh5 f5 22.Nd1 Bg5
23.h4 Bf6 24.Re3 Qf7 25.Rxf5 Rae8 26.Nf4 Rxe3 27.Nxe3 Qe8 28.Rh5 Qe4 29.Qxe4 dxe4
30.Nf5 Re8 31.Kg2 c5 32.dxc5 Nxc5 33.Nh6+ Kg7 34.Ng4 Be7 35.Re5 Kf8 36.b4 Nd3
37.Rxe4 Nxf4+ 38.Rxf4+ Kg7 39.Re4 Kf8 40.Nh6 Rc8 41.Nf5 Bf6 42.a4 Rc6 43.b5 Rc3
44.Nd6 b6 45.Rf4 Rc2+ 46.Rf2 Rxf2+ 47.Kxf2 Be5 48.Nf5 Kf7 49.Kf3 Ke6 50.Ne3 Bc7
51.g4 Ke5 52.g5 Bd8 53.Kg4 Kd4 54.Nf5+ Kc5 55.h5 Kb4 56.Nd4 Kxa4 57.Kf5 Be7
58.g6 hxg6+ 59.hxg6 Bf8 60.Ne6 Bh6 61.Kg4  1-0

[Event "Tilburg"]
[Site "Tilburg"]
[Date "1994.??.??"]
[Round "3"]
[White "Georgiev, Kiril"]
[Black "Morozevich, Alexander"]
[Result "1-0"]
[WhiteElo "2615"]
[BlackElo "2575"]

1.d4 d5 2.c4 Nc6 3.Nc3 dxc4 4.Nf3 Nf6 5.e4 Bg4 6.Be3 e6 7.Bxc4 Bb4 8.Qc2 O-O
9.Rd1 Qe7 10.Be2 e5 11.d5 Nd4 12.Nxd4 exd4 13.Rxd4 Bxe2 14.Kxe2 Bc5 15.Rd2 Bxe3
16.Kxe3 Ng4+ 17.Ke2 Qg5 18.Kd1 f5 19.exf5 Rae8 20.h3 Ne5 21.Re1 Qxg2 22.Rde2 Qf3
23.Qe4 Qh5 24.f3 h6 25.f6 gxf6 26.Kc1 Kg7 27.Qc2 Qxf3 28.Kb1 Kh8 29.Nb5 Rc8
30.Nxc7 Rfd8 31.Re3 Qh5 32.Rc3 Qg6 33.Qxg6 Nxg6 34.Re6 Rd7 35.d6 Rf8 36.Nd5 Rff7
37.Nxf6 Nf8 38.Rg3 Rg7 39.Re8 Rdf7 40.d7  1-0

[Event "Tilburg"]
[Site "Tilburg"]
[Date "1994.??.??"]
[Round "3"]
[White "Epishin, Vladimir"]
[Black "Dreev, Alexey"]
[Result "1/2-1/2"]
[WhiteElo "2650"]
[BlackElo "2650"]

1.d4 d5 2.c4 c6 3.Nc3 Nf6 4.e3 e6 5.Nf3 Nbd7 6.Bd3 dxc4 7.Bxc4 b5 8.Bd3 Bb7
9.e4 b4 10.Na4 c5 11.e5 Nd5 12.Nxc5 Nxc5 13.dxc5 Bxc5 14.O-O h6 15.Nd2 Qc7
16.Re1 Rd8 17.Ne4 Be7 18.Ng3 g6 19.Bd2 Kf8 20.Rc1 Qb6 21.Qe2 Kg7 22.Bc4 Qd4
23.Bb3 h5 24.Red1 Qb6  1/2-1/2

[Event "Tilburg"]
[Site "Tilburg"]
[Date "1994.??.??"]
[Round "3"]
[White "Ehlvest, Jaan"]
[Black "Shabalov, Alexander"]
[Result "1/2-1/2"]
[WhiteElo "2600"]
[BlackElo "2600"]

1.d4 d5 2.c4 c6 3.Nf3 Nf6 4.Nc3 e6 5.e3 Nbd7 6.Qc2 Bd6 7.Bd2 a6 8.e4 Nxe4
9.Nxe4 dxe4 10.Qxe4 c5 11.Bd3 Nf6 12.Qh4 Be7 13.O-O cxd4 14.Rad1 b6 15.Bg5 Bb7
16.Be2 h6 17.Rxd4 Qc7 18.Qh3 Bd6 19.Rfd1 O-O-O 20.Bxf6 gxf6 21.Qh5 Rhg8 22.Rg4 Rxg4
23.Qxg4 Bc5 24.Rxd8+ Kxd8 25.b3 Ke7 26.Qg3 Qd7 27.Qf4 e5 28.Qc1 Qf5 29.Qd1 a5
30.a4 Be4 31.Qd2 Bc2 32.Bd1 Be4 33.Ne1 Bc6 34.Bc2 Qg4 35.Bd1 Qg6 36.Bc2 f5
37.Qe2 f6 38.g3 Qg5 39.Nd3 Bd4 40.Nf4 Kf7 41.Nd5 Bd7 42.Qd1 Be6 43.Kg2 Qg4
44.Qd3 Bc5 45.Nc7 e4 46.Qd8 Qf3+ 47.Kh3 Qh5+ 48.Kg2  1/2-1/2

[Event "Tilburg"]
[Site "Tilburg"]
[Date "1994.??.??"]
[Round "3"]
[White "Dreev, Alexey"]
[Black "Epishin, Vladimir"]
[Result "1/2-1/2"]
[WhiteElo "2650"]
[BlackElo "2650"]

1.d4 Nf6 2.c4 e6 3.Nf3 b6 4.a3 Bb7 5.Nc3 d5 6.Qc2 Be7 7.cxd5 Nxd5 8.Bd2 Nxc3
9.Bxc3 Qd5 10.g3 Qf5 11.Qxf5 exf5 12.d5 O-O 13.Nd4 g6 14.Bg2 Nd7 15.O-O Rfe8
16.Rac1 a6 17.Rfd1 Bd6 18.e3 Nc5 19.b4 Ne4 20.Bb2 h5 21.Nc6 Bf8 22.Rc2 a5
23.bxa5 bxa5 24.a4 Nc5 25.Rd4 Bxc6 26.dxc6 Reb8 27.Bf1 Rb4 28.Bb5 Bd6 29.Kg2 Kf8
30.Bc3 Rxd4 31.exd4 Ne4 32.Bb2 Bb4 33.d5 Re8 34.Re2 Nd6 35.Rxe8+ Kxe8 36.Bd3 Ke7
37.Kf3 f6 38.Ke3 Nf7 39.f4 Bc5+ 40.Kf3 Bb4 41.Bd4 Nd6 42.h3 Nf7 43.Ke2 Nd6
44.Kf3 Kf7 45.Bf2 Ke7 46.Be3 Nf7 47.Bd4 Nd6 48.Be3  1/2-1/2

[Event "Tilburg"]
[Site "Tilburg"]
[Date "1994.??.??"]
[Round "3"]
[White "Cvitan, Ognjen"]
[Black "Pigusov, Evgeny"]
[Result "1/2-1/2"]
[WhiteElo "2585"]
[BlackElo "2575"]

1.d4 Nf6 2.Nf3 e6 3.c4 d5 4.Nc3 Be7 5.Bg5 h6 6.Bxf6 Bxf6 7.e3 O-O 8.Rc1 c6
9.Bd3 Nd7 10.cxd5 exd5 11.b4 a6 12.a4 Be7 13.b5 axb5 14.axb5 Nf6 15.bxc6 bxc6
16.O-O c5 17.dxc5  1/2-1/2

[Event "Tilburg"]
[Site "Tilburg"]
[Date "1994.??.??"]
[Round "3"]
[White "Bareev, Evgeny"]
[Black "Luther, Thomas"]
[Result "1/2-1/2"]
[WhiteElo "2675"]
[BlackElo "2510"]

1.d4 e6 2.c4 Nf6 3.Nc3 Bb4 4.Qc2 O-O 5.a3 Bxc3+ 6.Qxc3 b6 7.Bg5 Bb7 8.f3 h6
9.Bh4 d5 10.e3 c5 11.dxc5 bxc5 12.Bxf6 Qxf6 13.Qxf6 gxf6 14.Rc1 Nd7 15.cxd5 Bxd5
16.Bb5 Rfd8 17.Ne2 Rab8 18.a4 a6 19.Bxa6 Rxb2 20.O-O Bc6 21.Nc3 Nb8 22.Rfd1 Rxd1+
23.Nxd1 Rb4 24.Rxc5  1/2-1/2

[Event "Tilburg"]
[Site "Tilburg"]
[Date "1994.??.??"]
[Round "3"]
[White "Azmaiparashvili, Zurab"]
[Black "Chernin, Alexander"]
[Result "1/2-1/2"]
[WhiteElo "2625"]
[BlackElo "2615"]

1.e4 c5 2.Nf3 e6 3.b3 d6 4.Bb5+ Bd7 5.Bxd7+ Nxd7 6.O-O Ngf6 7.Qe2 Be7 8.Bb2 O-O
9.d4 cxd4 10.Nxd4 a6 11.c4 Rc8 12.Nc3 Qb6 13.Rad1 Ne5 14.Kh1 Nc6 15.Nc2 Rfe8
16.f4 Qa5 17.a3 Qh5 18.Rf3 Rcd8 19.Ne3 Bf8 20.g4 Nxg4 21.Rg3 Nf6 22.Qg2 g6
23.b4 Qh6 24.Ncd5 exd5 25.Bxf6 Ne7 26.Bxe7 Bxe7 27.Nxd5 Qg7 28.e5 Qf8 29.exd6  1/2-1/2

[Event "Tilburg"]
[Site "Tilburg"]
[Date "1994.??.??"]
[Round "3"]
[White "Almasi, Zoltan"]
[Black "Kuijf, Marinus"]
[Result "1-0"]
[WhiteElo "2620"]
[BlackElo "2425"]

1.e4 c5 2.Nf3 Nc6 3.d4 cxd4 4.Nxd4 Nf6 5.Nc3 e5 6.Ndb5 d6 7.Bg5 a6 8.Na3 b5
9.Nd5 Be7 10.Bxf6 Bxf6 11.c3 Bb7 12.Nc2 Nb8 13.Nce3 Nd7 14.Qf3 g6 15.Rd1 Bg5
16.g3 O-O 17.Bg2 Nb6 18.Nxb6 Qxb6 19.O-O f5 20.Nd5 Bxd5 21.Rxd5 fxe4 22.Qxe4 Ra7
23.h4 Bh6 24.Qe2 Re7 25.Be4 Ref7 26.Rd3 Rf6 27.Kg2 Kh8 28.f3 g5 29.hxg5 Bxg5
30.Rh1 R8f7 31.Rh5 Rg7 32.Qe1 Bf4 33.g4 h6 34.Qe2 Kg8 35.Qd1 Be3 36.Rf5 Rfg6
37.Qb3+ Kh8 38.Rf8+ Rg8 39.Rxg8+ Rxg8 40.Qf7 Qa7 41.Qf6+ Rg7 42.Rxd6  1-0